<?xml version="1.0" encoding="UTF-8"?>
<record
    xmlns:xsi="http://www.w3.org/2001/XMLSchema-instance"
    xsi:schemaLocation="http://www.loc.gov/MARC21/slim http://www.loc.gov/standards/marcxml/schema/MARC21slim.xsd"
    xmlns="http://www.loc.gov/MARC21/slim">

  <leader>00894nam a2200241 a 4500</leader>
  <controlfield tag="001">1570</controlfield>
  <controlfield tag="003">BR-CuiBMT</controlfield>
  <controlfield tag="005">20231220012843.0</controlfield>
  <controlfield tag="008">231215s2001    dfba          000 0 por d</controlfield>
  <datafield tag="040" ind1=" " ind2=" ">
    <subfield code="a">BR-CuiBMT</subfield>
    <subfield code="c">BR-CuiBMT</subfield>
  </datafield>
  <datafield tag="080" ind1=" " ind2=" ">
    <subfield code="a">614</subfield>
    <subfield code="x">(047)</subfield>
    <subfield code="2">2007</subfield>
  </datafield>
  <datafield tag="090" ind1=" " ind2=" ">
    <subfield code="a">614(047)</subfield>
    <subfield code="b">B823r</subfield>
  </datafield>
  <datafield tag="110" ind1="1" ind2=" ">
    <subfield code="a">Brasil.</subfield>
    <subfield code="b">Minist&#xE9;rio da Sa&#xFA;de.</subfield>
  </datafield>
  <datafield tag="245" ind1="1" ind2="0">
    <subfield code="a">Relat&#xF3;rio de atividades do SIOPS 2000 /</subfield>
    <subfield code="c">Minist&#xE9;rio da sa&#xFA;de.</subfield>
  </datafield>
  <datafield tag="260" ind1=" " ind2=" ">
    <subfield code="a">Bras&#xED;lia :</subfield>
    <subfield code="b">Minist&#xE9;rio da Sa&#xFA;de,</subfield>
    <subfield code="c">2001.</subfield>
  </datafield>
  <datafield tag="300" ind1=" " ind2=" ">
    <subfield code="a">204 p. :</subfield>
    <subfield code="b">il. ;</subfield>
    <subfield code="c">22 cm</subfield>
  </datafield>
  <datafield tag="500" ind1=" " ind2=" ">
    <subfield code="a">Minist&#xE9;rio da Sa&#xFA;de - Secretaria de Gest&#xE3;o de Investimentos em Sa&#xFA;de - Departamento de Projetos de Investimento.</subfield>
  </datafield>
  <datafield tag="610" ind1="1" ind2=" ">
    <subfield code="a">Brasil.</subfield>
    <subfield code="b">Minist&#xE9;rio da Sa&#xFA;de</subfield>
    <subfield code="x">Sistema de Informa&#xE7;&#xF5;es sobre Or&#xE7;amentos P&#xFA;blicos em Sa&#xFA;de</subfield>
  </datafield>
  <datafield tag="650" ind1=" " ind2=" ">
    <subfield code="a">Sa&#xFA;de</subfield>
    <subfield code="x">Financiamento</subfield>
    <subfield code="z">Brasil</subfield>
  </datafield>
  <datafield tag="650" ind1=" " ind2=" ">
    <subfield code="a">Sa&#xFA;de</subfield>
    <subfield code="x">Relat&#xF3;rios</subfield>
    <subfield code="z">Brasil</subfield>
  </datafield>
  <datafield tag="650" ind1=" " ind2=" ">
    <subfield code="a">Economia m&#xE9;dica</subfield>
  </datafield>
  <datafield tag="942" ind1=" " ind2=" ">
    <subfield code="2">udc</subfield>
    <subfield code="c">LV</subfield>
  </datafield>
  <datafield tag="952" ind1=" " ind2=" ">
    <subfield code="0">0</subfield>
    <subfield code="1">0</subfield>
    <subfield code="2">udc</subfield>
    <subfield code="4">0</subfield>
    <subfield code="7">0</subfield>
    <subfield code="a">BIBTCEMT</subfield>
    <subfield code="b">BIBTCEMT</subfield>
    <subfield code="d">2023-12-15</subfield>
    <subfield code="l">0</subfield>
    <subfield code="o">614(047) B823r</subfield>
    <subfield code="p">BIBTCEMT23120589</subfield>
    <subfield code="r">2023-12-15</subfield>
    <subfield code="t">Ex. 1</subfield>
    <subfield code="w">2023-12-15</subfield>
    <subfield code="y">LV</subfield>
  </datafield>
  <datafield tag="999" ind1=" " ind2=" ">
    <subfield code="c">1570</subfield>
    <subfield code="d">1570</subfield>
  </datafield>
</record>
